| 000 | 01465nab a22002177a 4500 | ||
|---|---|---|---|
| 999 |
_c5877 _d5877 |
||
| 003 | OSt | ||
| 005 | 20260109015255.0 | ||
| 008 | 190514b xxu||||| |||| 00| 0 spa d | ||
| 040 | _cPJ | ||
| 100 |
_96760 _aBulesevich, Laura A. |
||
| 245 | 1 | 0 |
_aDesafíos en la cuantificación de alimentos de las hijas e hijos con discapacidad / _cLaura A. Bulesevich, Ana Clara Issin. |
| 300 | _ap. 45-53 | ||
| 505 | _aSumario: I. Introducción. “Visibilizando”.— II. Vinculación del proceso de crianza con el derecho a un nivel de vida adecuado. La corresponsabilidad parental.— III. La importancia de los índices oficiales en la cuantificación económica del cuidado.— IV. Alcances del término “cuidar”. Los lentes de la igualdad no admiten estereotipos.— V. La canasta de crianza como una medida de acción positiva del Estado.— VI. El contexto nos obliga a diferenciar para valorar. La discapacidad y su necesario abordaje.— VII. Las estadísticas grafican realidades. Personas con certificados de discapacidad.— VIII. Posible metodología de cuantificación. | ||
| 505 | _tSi te interesa el texto, comunicate a koha@justierradelfuego.gov.ar | ||
| 650 | 0 |
_9967 _aDERECHO DE FAMILIA |
|
| 650 | 0 |
_93271 _aPERSONAS CON DISCAPACIDAD |
|
| 650 | 0 |
_9968 _aALIMENTOS |
|
| 700 |
_96761 _aIssin, Ana Clara _ecoautor |
||
| 773 | 0 |
_02844 _93222 _dBuenos Aires : AbeledoPerrot, 1989- _tDerecho de familia. N° 121 - Septiembre 2025 _z18511201 |
|
| 942 |
_2udc _cANA |
||